लोड हो रहा है...

Organisation effectiveness and change /

ग्रंथसूची विवरण
मुख्य लेखक: Sudan, A S .
अन्य लेखक: Naveen Kumar
स्वरूप: Printed Book
प्रकाशित: New Delhi : Anmol , 2002.
विषय:
LEADER 00458cam a2200145ua 4500
082 1 4 |a 658.406  |b SUD-O 
100 1 |a Sudan, A S . 
245 1 0 |a Organisation effectiveness and change /  
260 |a New Delhi :   |b Anmol ,   |c 2002. 
300 |a 579p. ;  
650 0 |a Oranisation effectiveness 
700 |a Naveen Kumar. 
942 |c BK 
999 |c 34430  |d 34430 
952 |0 0  |1 0  |4 0  |6 658_406000000000000_SUDO  |7 0  |9 44105  |a KU  |b KU  |d 2015-07-05  |l 0  |o 658.406 SUD-O  |p MB01803  |r 2020-12-24  |y BK